[Event "18th Rubinstein Memorial"]
[Site "Polanica Zdroj POL"]
[Date "1980.08.22"]
[Round "13"]
[White "Vogt, Lothar"]
[Black "Tomaszewski, Roman"]
[WhiteElo "2510"]
[BlackElo "2365"]
[Result "0-1"]
[EventDate "1980.08.06"]
[PlyCount "96"]
1. Nf3 Nf6 2. c4 g6 3. b3 Bg7 4. Bb2 O-O 5. e3 d6 6. Be2 c6 7. O-O e5 8. d4 e4 9. Nfd2 Re8 10. Nc3 h5 11. b4 Bf5 12. b5 c5 13. Nb3 Nbd7 14. Qd2 Rc8 15. h3 Be6 16. Rfd1 cxd4 17. Nxd4 Bxc4 18. Nc6 bxc6 19. Bxc4 Ne5 20. Bf1 c5 21. Qxd6 c4 22. Qa6 Qc7 23. Rd6 Qe7 24. Ba3 Bf8 25. Nxe4 Nxe4 26. Rxg6+ Nxg6 27. Bxe7 Bxe7 28. Qxa7 Bc5 29. Qb7 c3 30. Rc1 Nxf2 31. Rxc3 Ne4 32. Rxc5 Nxc5 33. Qf3 Re4 34. Qxh5 Rxe3 35. Kh2 Re5 36. Qg4 Rb8 37. a4 Ra8 38. Bc4 Kg7 39. Qf3 Rxa4 40. Qxf7+ Kh6 41. Bd5 Rf4 42. Qc7 Rxd5 43. Qc6 Rg5 44. b6 Rb4 45. Qf3 Rxb6 46. Qe3 Rb3 47. Qc1 Nd3 48. Qe3 Rb2 0-1